| 000 | 00000cam 2200000zi 4500 |
| 001 | 9.958090 |
| 003 | CaOODSP |
| 005 | 20251209133041 |
| 006 | m o d f |
| 007 | cr |n||||||||| |
| 008 | 251209e20251208onc ob f000 0 fre d |
| 040 | |aCaOODSP|bfre|erda|cCaOODSP |
| 043 | |an-cn--- |
| 086 | 1 |aH113-9/2025-17F-PDF |
| 245 | 00|aAcaricide Nealta contenant du cyflumétofène. |
| 264 | 1|aOttawa (Ontario) : |bSanté Canada = Health Canada, |c8 décembre 2025. |
| 264 | 4|c©2025 |
| 300 | |a1 ressource en ligne (19 pages). |
| 336 | |atexte|btxt|2rdacontent/fre |
| 337 | |ainformatique|bc|2rdamedia/fre |
| 338 | |aressource en ligne|bcr|2rdacarrier/fre |
| 490 | 1 |aProjet de décision d'homologation, |x1925-0908 ; |vPRD2025-17 |
| 500 | |aPublié aussi en anglais sous le titre : Nealta miticide, containing cyflumetofen. |
| 500 | |a« Ce document est publié par l'Agence de réglementation de la lutte antiparasitaire de Santé Canada. » |
| 504 | |aComprend des références bibliographiques. |
| 650 | 6|aAcaricides|xCertification|zCanada. |
| 650 | 6|aAcaricides|xÉvaluation du risque|zCanada. |
| 650 | 6|aAcaricides|xAspect sanitaire. |
| 650 | 6|aAcaricides|xAspect de l'environnement. |
| 650 | 6|aAcaricides|xToxicologie. |
| 710 | 1 |aCanada. |bAgence de réglementation de la lutte antiparasitaire, |eorganisme de publication. |
| 775 | 08|tNealta miticide, containing cyflumetofen.|w(CaOODSP)9.958089 |
| 830 | #0|aProjet de décision d'homologation ;|vPRD2025-17.|w(CaOODSP)9.500882 |
| 856 | 40|qPDF|s463 Ko|uhttps://publications.gc.ca/collections/collection_2025/sc-hc/h113-9/H113-9-2025-17-fra.pdf |
| 856 | 4 |qHTML|sS.O.|uhttps://www.canada.ca/fr/sante-canada/services/securite-produits-consommation/pesticides-lutte-antiparasitaire/public/consultations/projets-decision-homologation/2025/acaricide-nealta-contenant-cyflumetofene/document.html |